| 000 | 00477nam a2200157 i 4500 | ||
|---|---|---|---|
| 001 | 62403 | ||
| 003 | ES-MaACL | ||
| 007 | t| | ||
| 008 | 031120s1972 sp ||||1| spa d | ||
| 100 | 1 |
_aFeodosiev, V. I. _949270 |
|
| 245 | 1 | 0 |
_aResistencia de materiales / _cV. I. Feodosiev ; traducido del ruso por Pedro Gutiérrez Mora. |
| 260 |
_aMoscú : _bMir, _c[1972] |
||
| 300 |
_a579 p. ; _c22 cm. |
||
| 700 | 1 |
_aGutiérrez Mora, Pedro. _961187 |
|
| 852 |
_aES-MaACL _jE-6504 _bR.90541 |
||
| 999 |
_c62403 _d62403 |
||